Prelude: (Record no. 144551)

MARC details
000 -LEADER
fixed length control field 00526nam a22001697a 4500
010 ## - LCCN (DPL NO)
LC control number ENG-120560
020 ## - INTERNATIONAL STANDARD BOOK NUMBER
International Standard Book Number 9789386689016
Terms of availability 100.00
035 ## - SYSTEM CONTROL NUMBER
System control number EN-104092
037 ## - SOURCE OF ACQUISITION
Source of stock number/acquisition DBAD/PUB
082 ## - DEWEY DECIMAL CLASSIFICATION NUMBER
Classification number 428
245 ## - TITLE STATEMENT
Title Prelude:
Remainder of title A textbook of student of college/
Statement of responsibility, etc Chief edited by Shriram G. Gahane
260 ## - PUBLICATION, DISTRIBUTION, ETC. (IMPRINT)
Place of publication, distribution, etc Hyderabad
Name of publisher, distributor, etc Orient blackSwan
Date of publication, distribution, etc 2017
270 ## - ADDRESS
Address 3-6-752 Himayatnagar
City Hyderabad
Postal code 500029
300 ## - PHYSICAL DESCRIPTION
Extent 156p.
Other physical details 21cm(pbk).
700 ## - ADDED ENTRY--PERSONAL NAME
Personal name Gahane, Shriram G.
9 (RLIN) 60368
942 ## - ADDED ENTRY ELEMENTS (KOHA)
Source of classification or shelving scheme Dewey Decimal Classification
Item type English Books
Classification part 428
Call number suffix PRE
Holdings
Withdrawn status Lost status Not for loan Collection code Home library Current library Date acquired Source of acquisition Cost, normal purchase price Full call number Barcode Copy number Cost, replacement price Koha item type
      Non-fiction Ashok Vihar Ashok Vihar 14/09/2017 DBAD/PUB 100.00 428 PRE EN-104092 1 100.00 English Books

© Delhi Public Library
Hit Counter
free hit counter